| 000 | 00347 a2200157 4500 | ||
|---|---|---|---|
| 001 | 68440 | ||
| 020 | _a9781337624787 | ||
| 040 | _cAnchieta - Pituba | ||
| 100 | _aStannett, Katherine | ||
| 240 | 1 | 0 |
_aImpact foundation _leng |
| 245 | 1 | 0 | _aImpact foundation |
| 300 | _a191 | ||
| 362 | 0 | _a2018 | |
| 650 | 4 | _aInglês e inglês antigo | |
| 942 | _cBK | ||
| 999 |
_c68440 _d68440 |
||